<?xml version="1.0" encoding="UTF-8"?>
<record
    xmlns:xsi="http://www.w3.org/2001/XMLSchema-instance"
    xsi:schemaLocation="http://www.loc.gov/MARC21/slim http://www.loc.gov/standards/marcxml/schema/MARC21slim.xsd"
    xmlns="http://www.loc.gov/MARC21/slim">

  <leader>00259nam a2200097Ia 4500</leader>
  <controlfield tag="001">979313</controlfield>
  <controlfield tag="005">20251231134741.0</controlfield>
  <controlfield tag="008">250824s9999    xx            000 0 und d</controlfield>
  <datafield tag="245" ind1=" " ind2="0">
    <subfield code="a">D&#xDC;NYAMIZIN E&#x11E;LENCEL&#x130; CO&#x11E;RAFYASI</subfield>
    <subfield code="c">ANITA GANERI</subfield>
  </datafield>
  <datafield tag="260" ind1=" " ind2=" ">
    <subfield code="b">Tima&#x15F; Yay&#x131;nlar&#x131;</subfield>
  </datafield>
  <datafield tag="999" ind1=" " ind2=" ">
    <subfield code="c">979313</subfield>
    <subfield code="d">979313</subfield>
  </datafield>
  <datafield tag="952" ind1=" " ind2=" ">
    <subfield code="0">0</subfield>
    <subfield code="1">0</subfield>
    <subfield code="2">ddc</subfield>
    <subfield code="4">0</subfield>
    <subfield code="7">0</subfield>
    <subfield code="a">1058</subfield>
    <subfield code="b">1058</subfield>
    <subfield code="d">2025-08-24</subfield>
    <subfield code="l">1</subfield>
    <subfield code="o">S5 (CARPE DIEM SER&#x130;S&#x130;)</subfield>
    <subfield code="p">105810091</subfield>
    <subfield code="r">2026-02-04 09:24:11</subfield>
    <subfield code="s">2026-02-02</subfield>
    <subfield code="w">2025-08-26</subfield>
    <subfield code="y">BK</subfield>
  </datafield>
</record>
